000 00368nam a2200145Ia 4500
008 150201s2002 xx 000 0 und d
082 _a612.015
_bD2002S
100 _aSHARMA ,J.L.
245 2 _aA DICTIONARY OF BIOCHEMISTRY
250 _a1ST
260 _bC.B.S PUBLISHERS & DISTRIBUTERS
_aDELHI
_c2002
300 _a1-260
650 _aBIOCHEMISTRY
942 _2ddc
_cBK
999 _c2928
_d2928